000 00658nam a2200217 a 4500
999 _c4405
_d4405
001 4405
003 BD-JhCC
005 20171127095250.0
008 171127s1965 bg |||| ||a| 000 0 ben d
035 _a(BD-JhCC)4405
040 _aBD-JhCC
_dBD-JhCC
041 _aeng
082 _a891.4415
_bZAF 1965
100 _aজাফর, সিকান্দার আবু
245 _aপ্রসন্ন প্রহর /
_cসিকান্দার আবু জাফর,
260 _aঢাকা :
_bসমকাল প্রকাশনী,
_c1965
300 _a80 p. :
_c22 cm.
650 _aBengali Poem
942 _2ddc
_cBK